| 000 | 00911nas a2200313 4500 | ||
|---|---|---|---|
| 001 | BR0800571 | ||
| 003 | BR-BrBNA | ||
| 005 | 20231205111518.0 | ||
| 007 | ta | ||
| 008 | 230509b bl.|||p| |||| 00| 00por d | ||
| 040 |
_aBR-BrBNA _bpor _cBiblioteca Nacional de Agricultura |
||
| 041 | _a(Pt) | ||
| 072 | _aH10; H20 | ||
| 100 | 1 | _aJúlio, V.A. | |
| 100 | 1 | _aFreitas, L.G. | |
| 100 | 1 | _aCoelho, J.L.C. | |
| 100 | 1 | _aMuscardi, D.C. | |
| 100 | 1 | _aFerraz, S. | |
| 245 | 1 | _aExtração de fêmeas de Meloidogyne javanica de raízes de tomateiro pela maceração com enzimas fúngicas | |
| 650 | _aNEMATÓIDE | ||
| 650 | _aMELOIDOGINOSE | ||
| 650 | _aFUNGOS | ||
| 650 | _aEXTRAÇÃO | ||
| 650 | _aENZIMA | ||
| 650 | _aTOMATE | ||
| 773 | 0 |
_tNematologia Brasileira (Brazil) _xISSN 0102-2997 _g(2003), v. 27(1) p. 75-80 _wBR0800571 |
|
| 909 |
_a202311 _bLúcia _c55 _dLúcia Elande |
||
| 942 |
_2AGRIS _n0 _cANA |
||
| 999 |
_c193114 _d193114 |
||